Nueva gramática de la lengua española : Manual
Збережено в:
| Автор: | |
|---|---|
| Формат: | Книга |
| Мова: | Undetermined |
| Опубліковано: |
México, Distrito Federal
Real Academia Española
2010
|
| Предмети: | |
| Теги: |
Додати тег
Немає тегів, Будьте першим, хто поставить тег для цього запису!
|
MARC
| LEADER | 00000nam a2200000Ia 4500 | ||
|---|---|---|---|
| 008 | 170316s9999 xx 000 0 und d | ||
| 090 | |a 415-E R-2num | ||
| 100 | |a Real Academia Española | ||
| 245 | |a Nueva gramática de la lengua española : Manual | ||
| 260 | |a México, Distrito Federal | ||
| 260 | |b Real Academia Española | ||
| 260 | |c 2010 | ||
| 300 | |a 993 páginas | ||
| 650 | |a GRAMÁTICA ESPAÑOLA | ||
| 650 | |a MANUAL | ||
| 650 | |a ANÁLISIS GRAMÁTICAL | ||
| 650 | |a LA FONÉTICA | ||
| 650 | |a LA FONOLOGÍA | ||
| 650 | |a MORFOLOGÍA | ||
| 650 | |a LAS FUNCIONES | ||
| 650 | |a LA ORACIÓN | ||
| 650 | |a EL GÉNERO | ||
| 650 | |a EL NÚMERO | ||
| 650 | |a LA FLEXIÓN VERBAL | ||
| 650 | |a LA DERIVACIÓN | ||
| 650 | |a LA PREFIJACIÓN | ||
| 650 | |a LA COMPOSICIÓN | ||
| 650 | |a SINTAXIS | ||
| 040 | |a cru BVZT | ||
| 942 | 0 | 0 | |0 2 |
| 999 | |c 19074 |d 19074 | ||
